Normal view
MARC view
Entry Personal Name
001 - CONTROL NUMBER
- control field: 1236574
003 - CONTROL NUMBER IDENTIFIER
- control field: OSt
005 - DATE AND TIME OF LATEST TRANSACTION
- control field: 20260430150134.0
008 - FIXED-LENGTH DATA ELEMENTS
- fixed length control field: 260430|| aca||aabn | a|a d
040 ## - CATALOGING SOURCE
- Original cataloging agency: OSt
- Transcribing agency: OSt
100 ## - HEADING--PERSONAL NAME
- Personal name: Chaudhary Karan Au.; Masram Dhanraj T. Gu
670 ## - SOURCE DATA FOUND
- Source citation: Work cat.: (OSt)1849045: Chaudhary Karan Au.; Masram Dhanraj T. Gu., Carbon Nanomaterials and Their Composites: Synthesis, Physicochemical Studies and Utilization As Protein Immobilization matrix, Sensor and Catalyst, 2021
